Central Library OPAC University of Rajshahi

Adsorption and chromatography. / (Record no. 10784)

MARC details
000 -LEADER
fixed length control field 00834nam a2200265 4500
001 - CONTROL NUMBER
control field 10784
003 - CONTROL NUMBER IDENTIFIER
rucl marc code BD-RjUL
005 - DATE AND TIME OF LATEST TRANSACTION
control field 20211208235021.0
008 - FIXED-LENGTH DATA ELEMENTS--GENERAL INFORMATION
fixed length control field 140125r19611951nyua b 001 0 eng d
035 ## - SYSTEM CONTROL NUMBER
System control number (BD-RjUL)10833
040 ## - CATALOGING SOURCE
Original cataloging agency DLC
Transcribing agency DLC
Modifying agency DLC
-- BD-RjUL
Language of cataloging eng
041 ## - LANGUAGE CODE
Language code of text/sound track or separate title eng
082 00 - DEWEY DECIMAL CLASSIFICATION NUMBER
Classification number 547.13453
Author mark and year CAA 1961
100 1# - MAIN ENTRY--PERSONAL NAME
Personal name Cassidy, Harold Gomes.
9 (RLIN) 31282
245 10 - TITLE STATEMENT
Title Adsorption and chromatography. /
Statement of responsibility, etc. by Harold Gomes Cassidy.
260 ## - PUBLICATION, DISTRIBUTION, ETC. (IMPRINT)
Place of publication, distribution, etc. New York :
Name of publisher, distributor, etc. Interscience Publishers,
Date of publication, distribution, etc. 1951 [reprinted 1961].
300 ## - PHYSICAL DESCRIPTION
Pagination xix, 360 p. :
Illustrations illus.
Size 24 cm.
490 0# - SERIES STATEMENT
Series statement Technique of organic chemistry, v. 5
504 ## - BIBLIOGRAPHY, ETC. NOTE
Bibliography, etc Includes bibliographical references and index.
650 #0 - SUBJECT ADDED ENTRY--TOPICAL TERM
Topical term or geographic name as entry element Adsorption.
9 (RLIN) 33355
Topical term or geographic name as entry element Chromatographic analysis.
9 (RLIN) 33356
942 ## - ADDED ENTRY ELEMENTS (KOHA)
Source of classification or shelving scheme Dewey Decimal Classification
Koha item type Books
Holdings
Lost status Source of classification or shelving scheme Damaged status Not for loan Collection code Permanent Location Current Location Shelving location Date acquired Source of acquisition Cost, normal purchase price Total Checkouts Full call number Date last seen Copy number Koha item type
  Dewey Decimal Classification   Not For Loan Non-fiction Central Library, University of Rajshahi Central Library, University of Rajshahi Reading Room 29/03/1963 Zeithlinger. 0.00   547.13453 CAA 1961 25/01/2014 C-1 Books